00000000nam##2200000za#4500
0019.516673
003CaOODSP
00520200327031542
007ta
008150406|1990||||xxc|||||     f|0| 0 fre|d
020 |a0-660-56250-2|z0-662-57446-X
022 |a0706-148X
040 |aCaOODSP|bfre
041 |aeng
041 |afre
043 |an-cn---
0861 |aS52-2/197
1101 |aCanada.|bSecrétariat d'État du Canada. |bBureau de la traduction.
24510|aVocabulaire de l'agriculture / |cpar Pierre Dermine et Line Paradis.
260 |aOttawa - Ontario : |bSecrétariat d'État du Canada. |c1990.
300 |a1213p. : |c22 cm.
4901 |aBulletin de terminologie|x0706-148X|v197
504 |aBibliographie.
5203 |aBulletin de terminologie 197. Par Pierre Dermine en collaboration avec Line Paradis. Ce vocabulaire comprend environ 9 000 entrées, dont chacune est accompagnée au besoin d'une courte explication technique, d'une observation ou parfois même d'une définition sommaire. Cet ouvrage rend compte, dans une certaine mesure, de l'évolution et de la variété de la terminologie agricole qui recouvre d'innombrables disciplines : science du sol et médecine vétérinaire, économie, biotechnologie et génie génétique, zootechnie et agrométéorologie, alimentation, élevage et génie rural, pour n'en nommer que quelques-unes.
546 |aBilingue. Bilingue
563 |aCouverture souple
590 |a91-02|b1991-01-11
69107|aTerminologie|2gcpds
69107|aAgriculture|2gcpds
7201 |aParadis, Line
7201 |aDermine, Pierre
7760#|tVocabulary of agriculture / |w(CaOODSP)9.590495
791 |tVocabulary of agriculture / |eeng|w(CaOODSP)9.516672
830#0|aBulletin de terminologie,|x0706-148X|v197|w(CaOODSP)9.509599